<?xml version="1.0" encoding="UTF-8"?>
<record
    xmlns:xsi="http://www.w3.org/2001/XMLSchema-instance"
    xsi:schemaLocation="http://www.loc.gov/MARC21/slim http://www.loc.gov/standards/marcxml/schema/MARC21slim.xsd"
    xmlns="http://www.loc.gov/MARC21/slim">

  <leader>00300nam a22001217a 4500</leader>
  <datafield tag="040" ind1=" " ind2=" ">
    <subfield code="c">SK</subfield>
  </datafield>
  <datafield tag="082" ind1=" " ind2=" ">
    <subfield code="a">631</subfield>
  </datafield>
  <datafield tag="100" ind1=" " ind2=" ">
    <subfield code="a">&#x179F;&#x17BD;&#x179F; &#x1785;&#x17C6;&#x178E;&#x17B6;&#x1793;</subfield>
  </datafield>
  <datafield tag="245" ind1=" " ind2=" ">
    <subfield code="a">Agriculture machinery; &#x1798;&#x17C9;&#x17B6;&#x179F;&#x17CA;&#x17B8;&#x1793;&#x1780;&#x179F;&#x17B7;&#x1780;&#x1798;&#x17D2;&#x1798; &#x17E1;</subfield>
  </datafield>
  <datafield tag="260" ind1=" " ind2=" ">
    <subfield code="a">RUA</subfield>
    <subfield code="b">&#x179F;&#x17BD;&#x179F; </subfield>
    <subfield code="c">2008</subfield>
  </datafield>
  <datafield tag="300" ind1=" " ind2=" ">
    <subfield code="a">42p.</subfield>
  </datafield>
  <datafield tag="942" ind1=" " ind2=" ">
    <subfield code="c">KB</subfield>
  </datafield>
  <datafield tag="999" ind1=" " ind2=" ">
    <subfield code="c">10115</subfield>
    <subfield code="d">10115</subfield>
  </datafield>
  <datafield tag="952" ind1=" " ind2=" ">
    <subfield code="0">0</subfield>
    <subfield code="1">0</subfield>
    <subfield code="4">0</subfield>
    <subfield code="6">631_000000000000000_&#x179F;&#x17BD;&#x179F;_2008_C018_OR</subfield>
    <subfield code="7">0</subfield>
    <subfield code="9">52507</subfield>
    <subfield code="a">LBC</subfield>
    <subfield code="b">LBC</subfield>
    <subfield code="c">C018</subfield>
    <subfield code="d">2016-09-20</subfield>
    <subfield code="o">631 &#x179F;&#x17BD;&#x179F; 2008 C018 Or.</subfield>
    <subfield code="p">A02482</subfield>
    <subfield code="r">2016-09-26</subfield>
    <subfield code="y">KB</subfield>
  </datafield>
  <datafield tag="952" ind1=" " ind2=" ">
    <subfield code="0">0</subfield>
    <subfield code="1">0</subfield>
    <subfield code="4">0</subfield>
    <subfield code="6">631_000000000000000_&#x179F;&#x17BD;&#x179F;_2008_C018_OR</subfield>
    <subfield code="7">0</subfield>
    <subfield code="9">52509</subfield>
    <subfield code="a">LBC</subfield>
    <subfield code="b">LBC</subfield>
    <subfield code="c">C018</subfield>
    <subfield code="d">2016-09-20</subfield>
    <subfield code="o">631 &#x179F;&#x17BD;&#x179F; 2008 C018 Or.</subfield>
    <subfield code="p">A00100</subfield>
    <subfield code="r">2016-09-20</subfield>
    <subfield code="y">KB</subfield>
  </datafield>
</record>
